MARC details
| 000 -LEADER |
| campo de control de longitud fija |
01393nas a2200337 i 4500 |
| 001 - NÚMERO DE CONTROL |
| campo de control |
1195 |
| 003 - IDENTIFICADOR DE NÚMERO DE CONTROL |
| campo de control |
ES-MaACL |
| 005 - FECHA Y HORA DE LA ÚLTIMA TRANSACCIÓN |
| campo de control |
20250704052711.0 |
| 007 - CAMPO FIJO DE DESCRIPCIÓN FÍSICA--INFORMACIÓN GENERAL |
| campo de control de longitud fija |
t| |
| 008 - DATOS DE LONGITUD FIJA--INFORMACIÓN GENERAL |
| campo de control de longitud fija |
950801d18491857sp w| | 1 |spa d |
| 022 ## - NÚMERO INTERNACIONAL NORMALIZADO PARA PUBLICACIONES SERIADAS |
| Número Internacional Normalizado para Publicaciones Seriadas |
0214-5359 |
| 080 ## - NÚMERO DE LA CLASIFICACIÓN DECIMAL UNIVERSAL |
| Número de la Clasificación Decimal Universal |
(051) |
| 245 03 - MENCIÓN DEL TÍTULO |
| Título |
La Ilustración : |
| Resto del título |
periódico universal / |
| Mención de responsabilidad, etc. |
único redactor y propietario, Ángel Fernández de los Ríos. |
| 246 3# - FORMA VARIANTE DEL TITULO |
| Título propio/Titulo breve |
La Ilustración (Madrid) |
| 260 ## - PUBLICACIÓN, DISTRIBUCIÓN, ETC. |
| Lugar de publicación, distribución, etc. |
Madrid : |
| Nombre del editor, distribuidor, etc. |
[La Ilustración], |
| Fecha de publicación, distribución, etc. |
1849-1857 ( |
| Fabricante |
Imp. de B. González) |
| 300 ## - DESCRIPCIÓN FÍSICA |
| Extensión |
2 v. : |
| Otras características físicas |
il. ; |
| Dimensiones |
40 cm. |
| 310 ## - PERIODICIDAD ACTUAL |
| Periodicidad actual |
Semanal |
| 362 0# - FECHAS DE PUBLICACIÓN Y/O DESIGNACIÓN SECUENCIAL |
| Fecha de publicación y/o designación secuencial |
T. 1, n. 1 (3 marzo 1849)-t. 9, n. 436 (6 jul. 1857) |
| 505 8# - NOTA DE CONTENIDO CON FORMATO |
| Nota de contenido con formato |
Cada mes uno de los n. incluye una partitura musical. |
| 530 ## - NOTA DISPONIBLE DE FORMULARIO FÍSICO ADICIONAL |
| Nota de formato físico adicional disponible |
Disponible en formato digital. |
| 555 8# - NOTA DE ÍNDICE ACUMULATIVO U OTROS INSTRUMENTOS BIBLIOGRÁFICOS |
| Nota de índice acumulativo u otros instrumentos bibliográficos |
Índice al final de volumen. |
| 580 ## - NOTA DE RELACIÓN COMPLEJA |
| Nota de relación compleja |
Publica el almanaque: Almanaque de Las Novedades y La Ilustración. |
| 595 ## - |
| -- |
Variaciones en la imp. |
| 650 #4 - PUNTO DE ACCESO ADICIONAL DE MATERIA--TÉRMINO DE MATERIA |
| Término de materia o nombre geográfico como elemento de entrada |
Revistas de información general. |
| 9 (RLIN) |
16896 |
| 700 1# - ENTRADA AGREGADA--NOMBRE PERSONAL |
| Nombre de persona |
Fernández de los Ríos, Ángel, |
| Fechas asociadas al nombre |
1821-1880 |
| 9 (RLIN) |
149656 |
| 852 4# - LOCALIZACIÓN |
| Ubicación |
ES-MaACL |
| Número de control de estantería |
Hem-47 |
| 856 ## - LOCALIZACIÓN Y ACCESO ELECTRÓNICOS |
| Identificador Uniforme de Recursos |
<a href="http://prensahistorica.mcu.es/es/consulta/registro.cmd?id=6131 ">http://prensahistorica.mcu.es/es/consulta/registro.cmd?id=6131 </a> |
| Nota pública |
Biblioteca Virtual de Prensa Histórica |
| -- |
(1849-57) |
| 856 4# - LOCALIZACIÓN Y ACCESO ELECTRÓNICOS |
| Identificador Uniforme de Recursos |
<a href="http://hemerotecadigital.bne.es/details.vm?o=&w=0214-5359&f=issn&l=500">http://hemerotecadigital.bne.es/details.vm?o=&w=0214-5359&f=issn&l=500</a> |
| Nota pública |
Hemeroteca Digital |
| -- |
(1850-54) |
| 866 #0 - MENCIÓN TEXTUAL DE FONDOS--UNIDAD BIBLIOGRÁFICA BÁSICA |
| Fondos |
1849,(1852 desde 28 de febrero). |